LEADER 00827nam0-22003011i-450- 001 990005887990403321 005 20080623143230.0 010 $a3-8062-1384-4 035 $a000588799 035 $aFED01000588799 035 $a(Aleph)000588799FED01 035 $a000588799 100 $a20000421d1998----km-y0itay50------ba 101 0 $ager 102 $aDE 105 $aa-------001yy 200 1 $a<>Sachsen des frühen Mittelalters$fTorsten Capelle 210 $aStuttgart$cTheiss$d1998 215 $a160 p.$cill.$d22 cm 676 $a943.01$v21$zita 700 1$aCapelle,$bTorsten$0224190 801 0$aIT$bUNINA$gRICA$2UNIMARC 901 $aBK 912 $a990005887990403321 952 $a943.01 CAP 1$bBibl.31742$fFLFBC 959 $aFLFBC 996 $aSachsen des frühen Mittelalters$9563596 997 $aUNINA LEADER 01084nam0 22002533i 450 001 SUN0066915 005 20090123120000.0 010 $a88-243-1734-0 100 $a20090123d2007 |0itac50 ba 101 $aita 102 $aIT 105 $a|||| ||||| 200 1 $aˆIl ‰nomos infranto: globalizzazione e costituzioni$edel limite come principio essenziale degli ordinamenti giuridici$fLaura Ronchetti 210 $aNapoli$cJovene$d2007 215 $axxx, 275 p.$d24 cm. 410 1$1001SUN0066914$12001 $aPubblicazioni del Dipartimento di scienze giuridiche, Università degli studi di Roma La Sapienza$v9$1210 $aNapoli$cJovene. 620 $dNapoli$3SUNL000005 700 1$aRonchetti$b, Laura$3SUNV053168$0310600 712 $aJovene$3SUNV000014$4650 801 $aIT$bSOL$c20181203$gRICA 912 $aSUN0066915 950 $aUFFICIO DI BIBLIOTECA DEL DIPARTIMENTO DI GIURISPRUDENZA$d00CONS VIII.Eo.891 9 $e00BFG1147 20090123 996 $aNomos infranto: globalizzazione e costituzioni$91017454 997 $aUNICAMPANIA